Southville International School and Colleges
Your cart is empty.
  • Cart
  • Lists
    Public lists Eva Luna New books Lux_list list_1
    Your lists Log in to create your own lists
  • Log in to your account
  • Your cookies
  • Search history
Southville International School and Colleges
  • Advanced search
  • Recent comments
  • Most popular
  • Libraries

Log in to your account

Log in with GOOGLE


If you do not have an external account, but do have a local account, you can still log in:

  1. Home
  2. MARC view: Stan the squid /
Normal view MARC view ISBD view

Stan the squid / (Record no. 105853)

[ view plain ]
MARC details
000 -LEADER
fixed length control field 00403nam a2200157 a 4500
005 - DATE AND TIME OF LATEST TRANSACTION
control field 20140412111416.0
008 - FIXED-LENGTH DATA ELEMENTS--GENERAL INFORMATION
fixed length control field 070725s19uu xx 00 eng d
020 ## - INTERNATIONAL STANDARD BOOK NUMBER
International Standard Book Number 971-08-3553-x
050 ## - LIBRARY OF CONGRESS CALL NUMBER
Classification number TR(PS E
Item number St26 1981
100 ## - MAIN ENTRY--PERSONAL NAME
Personal name Raabe, Janis
245 ## - TITLE STATEMENT
Title Stan the squid /
Statement of responsibility, etc Janis Raabe.
260 ## - PUBLICATION, DISTRIBUTION, ETC. (IMPRINT)
Place of publication, distribution, etc Philippines :
Name of publisher, distributor, etc National book store,
Date of publication, distribution, etc 1981.
300 ## - PHYSICAL DESCRIPTION
Extent 8
650 ## - SUBJECT ADDED ENTRY--TOPICAL TERM
Topical term or geographic name as entry element Blends
Holdings
Withdrawn status Lost status Damaged status Home library Current library Shelving location Date acquired Source of acquisition Total Checkouts Full call number Barcode Date last seen Price effective from Koha item type
      Elizalde Library Elizalde Library Teachers Reference Section 07/25/2007     TR(PS E St26 1981 E10808 04/12/2014 04/12/2014 Books

Stan the squid /

APA

Raabe J., . (1981). Stan the squid. Philippines: National book store.

Chicago

Raabe Janis, . 1981. Stan the squid. Philippines: National book store.

Harvard

Raabe J., . (1981). Stan the squid. Philippines: National book store.

MLA

Raabe Janis, . Stan the squid. Philippines: National book store. 1981.

  • Place hold
  • Print
  • Cite
  • Add to your cart (remove)
  • Save record
    BIBTEX Dublin Core MARCXML MARC (non-Unicode/MARC-8) MARC (Unicode/UTF-8) MARC (Unicode/UTF-8, Standard) MODS (XML) RIS
  • More searches
    Search for this title in:
    Other Libraries (WorldCat) Other Databases (Google Scholar) Online Stores (Bookfinder.com) Open Library (openlibrary.org)

Exporting to Dublin Core...

SOUTHVILLE LIBRARY

Southville International School and Colleges Library

1281 Tropical Ave. Cor. Luxembourg St., BF Homes International, Las Pinas City

Tel. No. 8256374 / 252358 Loc. 117/146

Powered by Koha